Anuario bibliográfico puertorriqueño (Record no. 173358)

MARC details
000 -LEADER
campo de control de longitud fija 00740nas a2200217 i 4500
001 - NÚMERO DE CONTROL
campo de control 173358
003 - IDENTIFICADOR DE NÚMERO DE CONTROL
campo de control ES-MaACL
005 - FECHA Y HORA DE LA ÚLTIMA TRANSACCIÓN
campo de control 20250217134849.0
008 - DATOS DE LONGITUD FIJA--INFORMACIÓN GENERAL
campo de control de longitud fija 091127d19501986pr a| b | b||pa d
022 ## - NÚMERO INTERNACIONAL NORMALIZADO PARA PUBLICACIONES SERIADAS
Número Internacional Normalizado para Publicaciones Seriadas 9934-1131
040 ## - FUENTE DE CATALOGACIÓN
Centro catalogador/agencia de origen SpMaBA
Lengua de catalogación spa
080 ## - NÚMERO DE LA CLASIFICACIÓN DECIMAL UNIVERSAL
Número de la Clasificación Decimal Universal 016(729.5)
245 00 - MENCIÓN DEL TÍTULO
Título Anuario bibliográfico puertorriqueño
Resto del título : índice alfabético de libros, folletos, revistas y periódicos publicados en Puerto Rico durante... /
Mención de responsabilidad, etc. compilado por Gonzalo Velázquez.
260 ## - PUBLICACIÓN, DISTRIBUCIÓN, ETC.
Lugar de publicación, distribución, etc. Río Piedrass :
Nombre del editor, distribuidor, etc. Editorial Universitaria,
Fecha de publicación, distribución, etc. [1950-1982]
300 ## - DESCRIPCIÓN FÍSICA
Extensión 199 p. ;
Dimensiones 24 cm.
362 0# - FECHAS DE PUBLICACIÓN Y/O DESIGNACIÓN SECUENCIAL
Fecha de publicación y/o designación secuencial [1948-1973/1974]
651 #4 - PUNTO DE ACCESO ADICIONAL DE MATERIA--NOMBRE GEOGRÁFICO
Nombre geográfico Puerto Rico-
Subdivisión de forma Bibliografías.
9 (RLIN) 148001
852 ## - LOCALIZACIÓN
Ubicación ES-MaACL
Número de control de estantería C-56977
866 #0 - MENCIÓN TEXTUAL DE FONDOS--UNIDAD BIBLIOGRÁFICA BÁSICA
Fondos 1954.
Holdings
Estatus retirado Estado de pérdida Estado de daño No para préstamo Colección Biblioteca de origen Biblioteca actual Ubicación en estantería Fecha de adquisición Fuente de adquisición Total de préstamos Signatura topográfica completa Código de barras Visto por última vez Precio de reemplazo Tipo de ítem Koha
        Periódicos y Revistas Biblioteca del Ateneo de Madrid Biblioteca del Ateneo de Madrid Depósito 2 27/11/2009     C-56977 1181935 23/02/2023 23/02/2023 Revista